វិទ្យាសាស្រ្តដី (Record no. 9790)

000 -LEADER
fixed length control field 00276nam a22001217a 4500
040 ## - CATALOGING SOURCE
Transcribing agency SY
082 ## - DEWEY DECIMAL CLASSIFICATION NUMBER
Classification number 631
100 ## - MAIN ENTRY--AUTHOR NAME
Personal name ឃុន គីមឃុយ
245 ## - TITLE STATEMENT
Title វិទ្យាសាស្រ្តដី
260 ## - PUBLICATION, DISTRIBUTION, ETC. (IMPRINT)
Place of publication RUA
Name of publisher ឃុន
Year of publication 2012
300 ## - PHYSICAL DESCRIPTION
Number of Pages 71p.
942 ## - ADDED ENTRY ELEMENTS (KOHA)
Koha item type សៀវភៅភាសាខ្មែរ
952 ## - LOCATION AND ITEM INFORMATION (KOHA)
Withdrawn status [LOCAL, KOHA] 0
Holdings
Koha item type Barcode Lost status Permanent Location Current Location Date acquired Full call number
សៀវភៅភាសាខ្មែរRUA043547 Library Block CLibrary Block C2016-09-12631 ឃុន 2012
មជ្ឈមណ្ឌលឯការនៃសាកលវិទ្យាល័យភូមិន្ទកសិកម្មចំការដូង

Powered by Koha